Formovanie novej kvalitatívnej etapy vývoja globálnej ekonomiky

Hodnotenie súčasnej úrovne vývoja ekonomickej globalizácie sveta. Kapitál, práca a pôda v súčasnej globálnej ekonomike. Príčiny vzniku globálnej finančnej krízy od 30. rokov 20. storočia. Stratégia riešenia svetovej globálnej krízy. Riešenie dôsledkov globálnej krízy.

Enregistré dans:
Détails bibliographiques
Auteur principal: Balhar, Víťazoslav
Format: Chapitre de livre
Langue:slovaque
Sujets:
Tags: Ajouter un tag
Pas de tags, Soyez le premier à ajouter un tag!

MARC

LEADER 00000nla$a2200000$$$4500
001 0104097
005 20240502072134.4
041 0 |a slo 
044 |a SK 
245 1 0 |a Formovanie novej kvalitatívnej etapy vývoja globálnej ekonomiky  |c Víťazoslav Balhar 
520 |a Hodnotenie súčasnej úrovne vývoja ekonomickej globalizácie sveta. Kapitál, práca a pôda v súčasnej globálnej ekonomike. Príčiny vzniku globálnej finančnej krízy od 30. rokov 20. storočia. Stratégia riešenia svetovej globálnej krízy. Riešenie dôsledkov globálnej krízy. 
610 2 0 |a hospodárstvo kapitalistické 
610 2 0 |a kapitalizmus 
610 2 0 |a globalizácia hospodárstva 
610 2 0 |a trh finančný 
610 2 0 |a kríza finančná 
610 2 0 |a kríza hospodárska 
610 2 0 |a kapitál 
610 2 0 |a práca 
610 2 0 |a pôda 
610 2 0 |a dlhy 
610 2 0 |a podpora štátna 
610 2 0 |a svet 
100 1 |a Balhar, Víťazoslav